| 000 | 01079nac a22003131u 4500 | ||
|---|---|---|---|
| 003 | EG-ScBUE | ||
| 005 | 20220322123310.0 | ||
| 008 | 200219t1982 nyua f 000 1 eng d | ||
| 020 | _a0517147815 | ||
| 020 | _a9780517147818 | ||
| 040 |
_aEG-ScBUE _beng _erda _cEG-ScBUE _dEG-ScBUE |
||
| 082 | 0 | 4 |
_a828.809 _bCAR _222 |
| 100 | 1 |
_aCarroll, Lewis, _d1832-1898, _eauthor. |
|
| 245 | 1 | 0 |
_aThe complete illustrated works / _cLewis Carroll. |
| 264 | 1 |
_aNew York ; _aAvenel : _bGramercy Books, _c[1982] |
|
| 264 | 4 | _cc1982 | |
| 300 |
_axxii, 868 pages : _billustrations ; _c25 cm |
||
| 336 |
_2rdacontent _atext _btxt |
||
| 337 |
_2rdamedia _aunmediated _bn |
||
| 338 |
_2rdacarrier _avolume _bnc |
||
| 500 | _aDistributer: Al-Ahram. | ||
| 600 | 0 | 7 |
_aAlice _c(Fictitious character from Carroll) _vFiction. _2BUEsh |
| 650 | 7 |
_aChildren's Literature In English _xLiterary collections. _2BUEsh _940119 |
|
| 650 | 7 |
_aImaginary places _vJuvenile fiction. _2BUEsh |
|
| 651 | _2BUEsh | ||
| 653 |
_bHHUUEENN _cMarch2022 |
||
| 655 |
_vReading book _934232 |
||
| 942 |
_cBB _k828.809 CAR _2ddc |
||
| 999 |
_c9529 _d9529 |
||